zpět

Detail výsledku týmu

Hloupý Honza, Praha

Datum a čas kvízu

31.5 Celkem bodů Celkový počet nahraných bodů na tomto kvízu bez doplňovacích otázek.
10. Pořadí na kvízu Konečné umístění týmu na tomto kvízu.

Zaznamenané odpovědi

# Otázka Odpověď Body Výsledky
1. Město Praha minulý týden oznám... o jednorázové plastové nádobí 1
2. Okázalé zahájení návštěvy seve... Strojvůdce přejel místo, kde byl připraven červený koberec. 1
3. Hlavní roli v pětadvacátém fil... Rami Malek 1
4. Kanadská těžařská společnosti... Botswana 1
5. Petra Kvitová se na antukovém... Stuttgart 0
6. Na obrázku vidíme jedno z nejs... Frísko 0
7. Jak se jmenuje bývalá nizozems... Beatrix 0
8. Nizozemsko se může pyšnit slav... brambory 1
9. Nadnárodní společnost, která s... Ahold 1
10. Mezi nejoblíbenější sporty v N... PSV Eindhoven 0